| 000 | 00466nam a2200181Ia 4500 | ||
|---|---|---|---|
| 003 | OSt | ||
| 005 | 20250108161512.0 | ||
| 008 | 231217s9999 xx 000 0 und d | ||
| 020 | _a9788131731581 | ||
| 040 | _c0 | ||
| 041 | _aEnglish | ||
| 082 | _a621.3815324 CHA;18 | ||
| 100 | _aChanna Venkatesh, K. Ganesh Rao, D. | ||
| 245 | 0 | _aNetwork theory : a simplified approach | |
| 260 |
_c2007 _bSanguine Technical _aBangalore |
||
| 300 | _a591 | ||
| 942 |
_cAA _2ddc |
||
| 999 |
_c199237 _d199237 |
||